000
00200nam a2200109Ia 4500
100
_a
#N/A
942
_c
BK
245
_a
Windows 8 ;Secure your PC
260
_b
#N/A
546
_a
ENGLISH
999
_c
24469
_d
24469